000 00720nam a2200229 i 4500
001 36685
003 ES-MaACL
005 20250828143433.0
007 t|
008 030219s1914 sp |||| | spa d
080 _a811.922(075.4)
100 1 _aBravo del Barrio, Andrés.
_931478
245 1 0 _aEuropeo :
_blengua nacional facilísima : gramatiko e krestomatio /
_cAndrés Bravo del Barrio.
260 _aMadrid :
_b[s.n.],
_c1914 (
_fImp. de El Reformista Pedagógico)
300 _a31 p. ;
_c15 cm.
650 4 _aEsperanto-
_vMétodos.
_912497
650 4 _aLingüística
_914463
852 4 _aES-MaACL
_j1487-F-13
942 _2udc
_cFOLLETOS
_n0
999 _c36685
_d36685